| 000 | 00816nam a2200217 i 4500 | ||
|---|---|---|---|
| 001 | 119913 | ||
| 003 | ES-MaACL | ||
| 005 | 20230906191424.0 | ||
| 007 | t| | ||
| 008 | 070214s1949 sp a |||| | spa d | ||
| 100 | 1 |
_aPinta Llorente, Miguel de la. _992201 |
|
| 245 | 1 | 4 |
_aLas cárceles inquisitoriales españolas / _cpor Miguel de la Pinta Llorente. |
| 260 |
_aMadrid : _b[s.n.], _c1949. |
||
| 300 |
_a239 p. : _bil. ; _c21 cm + _e1 gráf. pleg. |
||
| 490 | 1 | _aAportaciones para la historia del sentimiento religioso en España | |
| 650 | 4 |
_aInquisición- _zEspaña- _vHistoria. _913799 |
|
| 650 | 4 |
_aEstablecimientos penitenciarios- _zEspaña- _vHistoria. _9162432 |
|
| 830 | 0 |
_aAportaciones para la historia del sentimiento religioso en España _9218635 |
|
| 852 |
_aES-MaACL _jD-7672 |
||
| 999 |
_c119913 _d119913 |
||